Identifying Security Logics in the EU Policy Discourse (Record no. 17192)

MARC details
000 -LEADER
fixed length control field 01035nam a2200121Ia 4500
008 - FIXED-LENGTH DATA ELEMENTS--GENERAL INFORMATION
fixed length control field 220615s9999||||xx |||||||||||||| ||und||
100 ## - MAIN ENTRY--PERSONAL NAME
Personal name Stępka, Maciej
245 #0 - TITLE STATEMENT
Title Identifying Security Logics in the EU Policy Discourse
Remainder of title The "Migration Crisis" and the EU
546 ## - LANGUAGE NOTE
Language note English[eng]
650 ## - SUBJECT ADDED ENTRY--TOPICAL TERM
Topical term or geographic name entry element Open access||Migration crisis in the EU||Increased migratory movements in the EU||Refugee crisis in the EU||Immigration crisis in the EU||Securitization theory||Securitization of migration in the EU||Migration and security in the EU||EU security discourses||Policy discourse on migration||EU institutional discourses on migration||EU border security||EU migration policy||EU security logics||Migration and humanitarianism in the EU||Human security and migration in the EU||Migration and resilience in the EU||Migration and risk management in the EU||Policy and security framing||EU institutions and securitization of migration
856 ## - ELECTRONIC LOCATION AND ACCESS
Uniform Resource Identifier <a href="https://library.oapen.org/bitstream/20.500.12657/52851/1/978-3-030-93035-6.pdf">https://library.oapen.org/bitstream/20.500.12657/52851/1/978-3-030-93035-6.pdf</a>
942 ## - ADDED ENTRY ELEMENTS (KOHA)
Koha item type E-Books
Holdings
Withdrawn status Lost status Damaged status Not for loan Home library Current library Date acquired Total Checkouts Date last seen Price effective from Koha item type
        Kerala University of Digital Sciences, Innovation and Technology Knowledge Centre Kerala University of Digital Sciences, Innovation and Technology Knowledge Centre 15/06/2022   15/06/2022 15/06/2022 E-Books